000 00607nam a2200193 i 4500
001 117124
003 ES-MaACL
005 20230906190831.0
007 t|
008 070301s1976 sp r ||||1| spa d
020 _a84-7140-141-X
080 _a355.404.51(46)"1936/39"
100 1 _aPaz, Armando.
_989746
245 1 4 _aLos servicios de espionaje en la guerra civil española (1936-1939) /
_cArmando Paz.
260 _aMadrid :
_bSan Martín,
_c1976.
300 _a234 p. ;
_c22 cm.
651 _aEspaña-
_xHistoria-
_y1936-1939, Guerra civil-
_xServicios secretos.
_9159461
852 _aES-MaACL
_jA-7134
999 _c117124
_d117124